| 000 | 00653cab a2200217 4500 | ||
|---|---|---|---|
| 001 | WB3518-01 | ||
| 008 | 090401t1999 xxu||||| |||| 00| 0 eng d | ||
| 035 | _a(Sirsi) u93281 | ||
| 041 | _aeng | ||
| 245 | _aBuilders play brownfield renovation card | ||
| 260 | _c1999 | ||
| 350 | _a0 | ||
| 490 |
_aSunday Business _v9 May 1999, 28(1) |
||
| 520 | _aLooks at ways builders can find favour with planners by renovating brownfield sites. Outlines two key projects based on the outskirts of London. | ||
| 650 | _aBROWNFIELD SITES | ||
| 650 | _aPLANNERS | ||
| 650 | _aRENOVATION | ||
| 690 | _aBUILT ENVIRONMENT | ||
| 942 | _n0 | ||
| 948 | _c11/05/1999 | ||
| 999 |
_c59130 _d59130 |
||